1692 1687 1178 1837 1984 1229 1435 1377 1506 1497 1202 1759 1822 1537 1927 1856 1578 1766 1070 1245 1643 1020 1564 1191 1666 1499 1437 1918 1461 1760 1529 1006 1159 1864 1375 1283 1583 1096 1701 1216 1977 1235 1973 1674 1607 1822 1049 1244 1601 1437 1216 1994 1023 1947 1377 1091 1878 1768 1479 1284 1875 1222 1935 1132 1574 1511 1290 1591 1594 1037 1700 1325 1455 1427 1533 1019 1818 1331 1708 1287 1033 1073 1302 1637 1200 1869 1803 1477 1286 1191 1616 1227 1452 1185 1022 1443 1270 1380 1180 BCNSPRNW ULIB Ver.6.0+V

เปลี่ยนเป็นภาษาไทย

Change to English
 แสดงรายละเอียดบรรณานุกรม
  กลับหน้าหลัก

Brief Record : Get Marc (ISO 2709) : E-mail record : QR code < ปิดหน้าต่าง
LEADER : 00000nam 2200000uu 4500
001    13399109065
003     ULIB
008    110321s2552||||th 000 0 tha d
020    9789744141088
060 04 WM172^bฮ389ก 2552
100 1  ฮาลโลเวล, เอ็ดเวิร์ด
245 10 กลวิธีการจัดการความเครียดสำหรับผุ้นำ =^bManaging stress/^cโดย Edward Hallowell ; ผู้แปล, ณัฐวรรธน์ กิจรัตนโกศล
246 31 Managing stress
250    พิมพ์ครั้งที่ 1
260    กรุงเทพฯ :^bเอ็กซเปอร์เน็ท,^c2552
300    139 หน้า ;^c21 ซม.
650  7 การบริหารความเครียด
650  7 ความเครียดในการทำงาน
650  7 ความเครียดทางจิต
700 1  Hallowell, Edward
700 0  ณัฐวรรธน์ กิจรัตนโกศล,^eผู้แปล
945    ^p120^l0^i029846
945    ^p120^l0^i029845
995    ทศพร
999 ^a ใช้งานได้ทุกระบบ
รายการนี้ยังไม่มีแท็ก
คุณยังไม่ได้ล็อกอิน คุณสามารถมีกิจกรรมร่วมกับเว็บไซต์ได้ แต่ต้องล็อกอินก่อน ::
  ล็อกอิน

รายการสื่อสารสนเทศ

ลำดับที่ ประเภท เลขเรียก/บาร์โค้ด สถานที่ สถานะ
- ไม่พบข้อมูล -

รายการใกล้เคียง
    ผู้แต่ง [ฮาลโลเวล, เอ็ดเวิร์ด]

    หัวเรื่อง [การบริหารความเครียด]
    หัวเรื่อง [ความเครียดในการทำงาน]
    หัวเรื่อง [ความเครียดทางจิต]

BibComment


ยังไม่เคยถูกคอมเมนท์

คอมเมนท์ทรัพยากรรายการนี้
  คอมเมนท์: กลวิธีการจัดการคว..


 Copyright 2026. Bcnsprnw @Library